Totta vai Väärin - Äkkikuolema - Statistics

Yleistilastot
  • Tätä visaa on pelattu 253 kertaa
  • Keskiarvotulos 5 / 13
Answers on the Grid
Answers color-coded by a green-red scale on the quiz's grid according to % correct below.
Noppapari heittää todennäköisemmin 7
kuin muut numerot
Baseball on suosituin
urheilu Japanissa
Brasilia on kokonaan päiväntasaajan eteläpuolella
Karamelli valmistetaan kuumentamalla sokeria
Kiinassa on vain yksi aikavyöhyke
Ihmiset olivat osittain vastuussa
dinosaurusten sukupuuttoon
Italia ei ole koskaan voittanut jalkapallon maailmanmestaruutta
Lehtikaali ja parsakaali ovat samaa lajia
Toisessa maailmansodassa kuoli enemmän ihmisiä kuin ensimmäisessä maailmansodassa
Mount Everest on tulivuori
Papukaijat voivat elää pidempään kuin koirat
Jääkarhut elävät sekä arktisella että Etelämantereella
Merkurius on aurinkokuntamme kuumin planeetta
Sardinian saari on osa Italiaa
Neptunuksella on renkaat
Kuun sama puoli on aina Maata päin
Autobahnilla on osia, joilla ei ole määriteltyä nopeusrajoitusta
On olemassa Empire State Buildingia korkeampia puita
Turkin lippu on punainen ja valkoinen
Kaksi on alkuluku
 
Vastaustilastot
Vastaus % Oikein
Karamelli valmistetaan kuumentamalla sokeria
65%
Papukaijat voivat elää pidempään kuin koirat
60%
Toisessa maailmansodassa kuoli enemmän ihmisiä kuin ensimmäisessä maailmansodassa
56%
Turkin lippu on punainen ja valkoinen
52%
Noppapari heittää todennäköisemmin 7
kuin muut numerot
49%
Sardinian saari on osa Italiaa
47%
Autobahnilla on osia, joilla ei ole määriteltyä nopeusrajoitusta
42%
Baseball on suosituin
urheilu Japanissa
38%
Kiinassa on vain yksi aikavyöhyke
38%
Kaksi on alkuluku
35%
Kuun sama puoli on aina Maata päin
26%
Neptunuksella on renkaat
21%
Lehtikaali ja parsakaali ovat samaa lajia
16%
Ehtoja vastaavia visoja ei löytynyt
Tulosjakauma
Jokaisen tuloksen saaneiden osuus
Persentiili vastausten määrän mukaan
Tuloshistoriasi
Et ole pelannut tätä visaa